000 00366nam a22001577a 4500
005 20200524112153.0
008 200524b xxu||||| |||| 00| 0 eng d
041 _aeng
082 _a340
100 _aBARE ACT
_95744
245 _aTHE NATIONAL HIGH WAYS ACT, 1956
260 _aDELHI
_bPROFESSIONALS BOOKS
300 _a143, p
650 _aLAW
_95701
942 _cBK
999 _c6495
_d6493